| 000 | 00584nam a2200181Ia 4500 | ||
|---|---|---|---|
| 005 | 20250508165124.0 | ||
| 008 | 008 250505s9999 xx 000 0 eng d | ||
| 037 | _aReference | ||
| 040 |
_aFEDL _beng _cFEDL |
||
| 041 |
_aeng _2eng |
||
| 084 |
_a372, NAT/RR _qFEDL |
||
| 245 | 0 | _aElementary education in India: Progress towards UEE: Analytical tables 2008-09 | |
| 245 | 0 | _cNUEPA | |
| 260 |
_aNew Delhi, India _bNational University of Educational Planning and Administration _c2011 |
||
| 300 | _axxiv149p. | ||
| 942 |
_cREF _h372, NAT/RR |
||
| 999 |
_c1393271 _d1393271 |
||